|
|
|
|
| LEADER |
00000cas a2200000 a 4500 |
| 001 |
vtls010208895 |
| 003 |
SK-MaSNL |
| 005 |
20260228161156.0 |
| 008 |
110204d20112016xo mr|p 0 b0cze |
| 022 |
|
|
|a 1338-9289
|
| 040 |
|
|
|a SVKPO
|b slo
|c SVKPO
|d SVKBB
|d SNK
|e AACR2
|
| 041 |
0 |
|
|a cze
|
| 044 |
|
|
|a xo
|c SK
|
| 072 |
|
7 |
|a 635
|x Záhradkárstvo
|2 konspekt
|
| 072 |
|
7 |
|a 79
|x Rekreácia. Voľný čas. Zábavy. Hry. Šport
|2 konspekt
|
| 080 |
|
|
|a 633/635
|2 2011
|
| 080 |
|
|
|a 79
|2 2011
|
| 080 |
|
|
|a 050
|2 2001
|
| 080 |
|
|
|a 379.8(051)
|2 2011
|
| 245 |
0 |
0 |
|a Knihovnička
|p Zahrada
|
| 246 |
1 |
0 |
|a Zahrada
|
| 260 |
|
|
|a Spišské Vlachy
|b GENIUS PRESS SK
|c 2011-2016
|
| 300 |
|
|
|a 6 zv.
|c 30 cm
|
| 310 |
|
|
|a 4x ročne
|b 2014-2016
|
| 321 |
|
|
|a 1x mesačne
|b 2011-2013
|
| 362 |
0 |
|
|a Roč. 5 , č. 1 (2011)-roč. 10, č. 2 (květen 2016)
|
| 500 |
|
|
|a Registračné č. MK SR: 4232/10
|
| 500 |
|
|
|a Od r. 2005 vychádzal v ČR, od r. 2011 aj na Slovensku
|
| 500 |
|
|
|a Od roku 2014 podnázov: váš průvodce nejkrásnějšími zahradani-nápady a styl
|
| 650 |
0 |
7 |
|a záhradkárstvo
|2 SNKPH
|9 2728
|
| 650 |
0 |
7 |
|a záhradníctvo
|2 SNKPH
|9 2729
|
| 650 |
0 |
7 |
|a voľný čas
|2 SNKPH
|9 3355
|
| 655 |
|
7 |
|a časopisy pre voľný čas
|2 SNKPH
|9 70337
|
| 856 |
4 |
2 |
|u http://www.e-knihovnicka.cz/
|
| 910 |
|
|
|a snk
|
| 916 |
|
|
|a 2011-2016
|
| 999 |
|
|
|c 4564
|d 6494
|
| 952 |
|
|
|0 0
|1 0
|4 0
|7 0
|8 0
|a SNK
|b SNK
|d 2017-12-08
|f 1
|i snk2017/27269
|l 0
|o snkČSB 6571/5/2011
|p 17A1266712
|r 2026-02-21 22:18:40
|t č. 1-12, neúplné
|w 2026-02-21
|y PREZ
|z Chýba č. 4, 5, 9, 10
|
| 952 |
|
|
|0 0
|1 0
|4 0
|7 0
|8 0
|a SNK
|b SNK
|d 2017-12-11
|f 1
|i snk2017/27375
|l 0
|o snkČSB 6571/6/2012
|p 17A1266713
|r 2026-02-21 22:18:55
|t č. 1-12
|w 2026-02-21
|y PREZ
|
| 952 |
|
|
|0 0
|1 0
|4 0
|7 0
|8 0
|a SNK
|b SNK
|d 2017-12-11
|f 1
|i snk2017/27377
|l 0
|o snkČSB 6571/7/2013
|p 17A1266714
|r 2026-02-21 22:18:56
|t č. 1-12
|w 2026-02-21
|y PREZ
|
| 952 |
|
|
|0 0
|1 0
|4 0
|7 0
|8 0
|a SNK
|b SNK
|d 2017-12-11
|f 1
|i snk2017/27384
|l 0
|o snkČSB 6571/8/2014
|p 17A1266715
|r 2026-02-21 22:18:56
|t č. 1
|w 2026-02-21
|y PREZ
|
| 952 |
|
|
|0 0
|1 0
|4 0
|7 0
|8 0
|a SNK
|b SNK
|d 2017-12-11
|f 1
|i snk2017/27385
|l 0
|o snkČSB 6571/9/2015
|p 17A1266716
|r 2026-02-21 22:18:56
|t č. 1-2
|w 2026-02-21
|y PREZ
|z Č. 1 -jar ; Č. 2-jeseň
|
| 952 |
|
|
|0 0
|1 0
|4 0
|7 0
|8 0
|a SNK
|b SNK
|d 2017-12-11
|f 1
|i snk2017/27391
|l 0
|o snkČSB 6571/10/2016
|p 17A1266717
|r 2026-02-21 22:18:56
|t č. 1-2
|w 2026-02-21
|y PREZ
|
| 952 |
|
|
|0 0
|1 0
|4 0
|7 0
|8 0
|a SNK
|b SNK
|d 2017-12-12
|i snk2017/27449
|l 0
|o snkČSB 6571/5/2011 D1
|p 17A1266718
|r 2026-02-21 22:18:57
|t č. 1-12, neúplné
|w 2026-02-21
|y PREZ
|z Chýba č. 1-6, 9, 10
|
| 952 |
|
|
|0 0
|1 0
|4 0
|7 0
|8 0
|a SNK
|b SNK
|d 2017-12-12
|i snk2017/27450
|l 0
|o snkČSB 6571/6/2012 D1
|p 17A1266719
|r 2026-02-21 22:19:01
|t č. 1-12
|w 2026-02-21
|y PREZ
|
| 952 |
|
|
|0 0
|1 0
|4 0
|7 0
|8 0
|a SNK
|b SNK
|d 2017-12-12
|i snk2017/27451
|l 0
|o snkČSB 6571/7/2013 D1
|p 17A1266720
|r 2026-02-21 22:19:01
|t č. 1-12, neúplné
|w 2026-02-21
|y PREZ
|z Chýba č. 11
|
| 952 |
|
|
|0 0
|1 0
|4 0
|7 0
|8 0
|a SNK
|b SNK
|d 2017-12-12
|i snk2017/27452
|l 0
|o snkČSB 6571/8/2014 D1
|p 17A1266721
|r 2026-02-21 22:19:01
|t č. 1
|w 2026-02-21
|y PREZ
|
| 952 |
|
|
|0 0
|1 0
|4 0
|7 0
|8 0
|a SNK
|b SNK
|d 2017-12-12
|i snk2017/27453
|l 0
|o snkČSB 6571/9/2015 D1
|p 17A1266722
|r 2026-02-21 22:19:02
|t č. 1-2
|w 2026-02-21
|y PREZ
|
| 952 |
|
|
|0 0
|1 0
|4 0
|7 0
|8 0
|a SNK
|b SNK
|d 2017-12-12
|i snk2017/27454
|l 0
|o snkČSB 6571/10/2016 D1
|p 17A1266723
|r 2026-02-21 22:19:02
|t č. 1-2
|w 2026-02-21
|y PREZ
|